Cowboy-Selena Gomez, benny blanco (All lyrics) - Statistics

General Stats
  • This quiz has been taken 7 times
  • The average score is 142 of 203
Answer Stats
Lyrics % Correct
a
100%
act
100%
ah
100%
(ah)
100%
baby,
100%
baby
100%
bad
100%
boy
100%
cowboy,
100%
cowboy
100%
girls
100%
Good
100%
hands
100%
I
100%
it
100%
knees
100%
like
100%
Lord,
100%
me
100%
me?
100%
mine
100%
My
100%
my
100%
on
100%
outta
100%
please
100%
Put
100%
put
100%
Ride
100%
ride
100%
run
100%
so
100%
the
100%
to
100%
town,
100%
want
100%
You
100%
you
100%
your
100%
You're
100%
both
75%
deep
75%
in
75%
leave
75%
Let's
75%
never
75%
other
75%
pretend
75%
Say
75%
side,
75%
underwater
75%
we're
75%
you'll
75%
all
50%
around,
50%
back,
50%
bitch
50%
bitches,
50%
bitches
50%
Breathe
50%
each
50%
for
50%
fucks
50%
Going
50%
Kiss
50%
Lips
50%
meant
50%
no
50%
of
50%
rain
50%
remind
50%
summer
50%
that
50%
but
25%
got
25%
know
25%
know?
25%
Make
25%
them
25%
this
25%
This
25%
Yeah,
25%
ain't
0%
and
0%
backs
0%
Boom
0%
can't
0%
could
0%
doing
0%
don't
0%
even
0%
feel
0%
handle
0%
Have
0%
ho,
0%
I'ma
0%
laying
0%
lazy
0%
mama,
0%
mode
0%
more
0%
motherfuckin'
0%
nigga
0%
nothin'
0%
only
0%
Shakalaka
0%
smack
0%
spla
0%
sports
0%
their
0%
think
0%
'til
0%
wanna
0%
was
0%
wishing
0%
ya
0%
No matching quizzes found
Score Distribution
Percent of People with Each Score
Percentile by Number Answered
Your Score History
You have not taken this quiz